00401 2200157 4500001002100000008004100021035002000062245004200082100002300124260002100147300002100168020001800189084001600207082001000223990001000233INLIS000000000002334 ind  a0010-0817002334 aBincang Bincang Praktis dan Sederhana aCokorda Paksi Raja aYogyakartac2007 civ.;104hlm.;19cm a979-6610-93-0 a495.1 RAJ b a495.1 a41202